书目信息 |
| 题名: |
曲棍球竞赛规则
|
|
| 作者: | ;国家体育运动委员会 审定 | |
| 分册: | ||
| 出版信息: | 北京 人民体育出版社 1984 |
|
| 页数: | 19页 | |
| 开本: | 19cm | |
| 丛书名: | ||
| 单 册: | ||
| 中图分类: | G849.4 | |
| 科图分类: | ||
| 主题词: | 曲棍球运动-竞赛规则 , 竞赛规则-曲棍球运动 , 球类运动 | |
| 电子资源: | ||
| ISBN: | ||
| 000 | 00744nam0 2200265 45 | |
| 001 | 0184003258 | |
| 005 | 20040505153046.7 | |
| 010 | @dCNY0.09 | |
| 091 | @a7105.2185 | |
| 100 | @a19950620d1984 em y0chiy0121 ea | |
| 101 | 0 | @achi |
| 102 | @aCN@b110000 | |
| 105 | @ay z 000yy | |
| 106 | @ar | |
| 200 | 10 | @a曲棍球竞赛规则@Aqu gun qiu jing sai gui ze@f国家体育运动委员会审定 |
| 210 | @a北京@c人民体育出版社@d1984 | |
| 215 | @a19页@d19cm | |
| 606 | @a曲棍球运动-竞赛规则 | |
| 606 | @a竞赛规则-曲棍球运动 | |
| 606 | 0 | @a球类运动 |
| 690 | @aG849.4 | |
| 711 | 02 | @a国家体育运动委员会@Aguo jia ti yu yun dong wei yuan hui@4审定 |
| 801 | 0 | @aCN@b上海图书馆@c20040505 |
| 801 | 2 | @aCN@bNLC@c20040505 |
| 905 | @f2@b108940-941@dG849.4@e20 | |
| 曲棍球竞赛规则/国家体育运动委员会审定.-北京:人民体育出版社,1984 |
| 19页;19cm |
| ISBN :CNY0.09 |
| ● |
| 相关链接 |
|
|
|
|
正题名:曲棍球竞赛规则
索取号:G849.4/20
 
预约/预借
| 序号 | 登录号 | 条形码 | 馆藏地/架位号 | 状态 | 备注 |
| 1 | 0108940 | 000300089 | 密集书库/ [索取号:G849.4/20] | 在馆 | |
| 2 | 0108941 | 000300016 | 密集书库/ [索取号:G849.4/20] | 在馆 | |
| 3 | 0108942 | 000300070 | 第一样本阅览室/ [索取号:G849.4/20] | 在馆 |